Statistiques concernant Frontières de l'Autriche - Sprint de une minute

Cliquez ici pour prendre le quiz!

Statistiques générales

  • Ce quiz a été pris 166 fois
  • Le résultat moyen est 7 sur 8

Statistiques - réponses

LongueurPays% Correct
784 kmAllemagne
100%
164 kmSuisse
97%
366 kmHongrie
95%
362 kmRépublique tchèque
95%
91 kmSlovaquie
95%
430 kmItalie
93%
330 kmSlovénie
93%
35 kmLiechtenstein
79%

Distribution des résultats

Percentile par nombre de réponses

% des personnes avec chaque résultat

Votre développement - résultats

Vous n’avez pas pris ce quiz